| 000 | 01647nam2a2200361 4500 | ||
|---|---|---|---|
| 001 | RU\NLR\BIBL_A\012873330 | ||
| 005 | 20221024153024.0 | ||
| 010 |
_a978-5-00204-235-7 _bч. 10 _9200 |
||
| 021 |
_aRU _bКН-П-22-043735 _9КН-П-22-3775 |
||
| 035 | _a(NLR Aleph) 012873330 | ||
| 090 |
_a12496277 _c12496277 |
||
| 100 | _a20220823d2022 k y0rusy50 ca | ||
| 101 | 0 | _arus | |
| 102 | _aRU | ||
| 105 | _aa z 000zy | ||
| 200 | 0 |
_aЧ. 10 _fнаучный редактор: кандидат военных наук, доцент Шацких Ю. С. |
|
| 210 | _d2022 | ||
| 215 |
_a39 с. _cил., табл. |
||
| 320 | _aБиблиогр. в конце ст. | ||
| 461 | 0 |
_1001RU\NLR\BIBL_A\011992683 _12001#$aНаука и инновации в современном мире$eсборник научных статей$fнаучный редактор: доктор педагогических наук, профессор Акутина С.П.$vЧ. 10 |
|
| 606 | 1 |
_aПедагогика _jСборники _2nlr_sh1 _2nlr_sh2 _3RU\NLR\AUTH\6619222 |
|
| 606 | 1 |
_aИсторические науки _jСборники _2nlr_sh1 _2nlr_sh2 _3RU\NLR\AUTH\661297882 |
|
| 606 | 1 |
_aБиология _jСборники _2nlr_sh1 _2nlr_sh2 _3RU\NLR\AUTH\664781 |
|
| 606 | 1 |
_aТвердые тела _xКомпьютерное моделирование _jСборники _2nlr_sh1 _2nlr_sh2 _3RU\NLR\AUTH\661387409 |
|
| 686 | 1 | _aЧ30я43 | |
| 686 | 1 | _aТ.я43 | |
| 686 | 1 | _aЕ.я43 | |
| 686 | 1 | _aЖ2-5-05я43 | |
| 702 | 1 |
_aШацких _bЮ. С. _4340 |
|
| 942 | _cBOOK | ||
| 980 | _aNB | ||